00481 a2200157 4500020001600000082001000016090001500026100002300041245003700064260005900101300002600160650002400186942001800210999001700228952007800245 a969839430-X a954.9 c7180d7180 aIshaq, Naseem Rana aZuban-e-KhalqcIshaq Naseem Rana aIslamabad (Pakistan)bBela Publication Islamabadc2010 a319 p.b;ill.c22 cm. a1. History-Pakistan cBKk954.9 ISH c10983d10983 00104070aCLbCLl0o954.9 ISHpSEECSD00539r2012-11-14w2012-11-14yBK